Cuarenta años de la Sociedad Española de Bioquímica y Biología Molecular (1963-2003) / (Record no. 67470)

MARC details
000 -LEADER
campo de control de longitud fija 01144nam a2200265 i 4500
001 - NÚMERO DE CONTROL
campo de control 67470
003 - IDENTIFICADOR DE NÚMERO DE CONTROL
campo de control ES-MaACL
005 - FECHA Y HORA DE LA ÚLTIMA TRANSACCIÓN
campo de control 20251210193254.0
008 - DATOS DE LONGITUD FIJA--INFORMACIÓN GENERAL
campo de control de longitud fija 040528s2004 sp a |||| | spa d
020 ## - NÚMERO INTERNACIONAL ESTÁNDAR DEL LIBRO
Número Internacional Estándar del Libro 84-95846-79-02
080 ## - NÚMERO DE LA CLASIFICACIÓN DECIMAL UNIVERSAL
Número de la Clasificación Decimal Universal 577.1/.2:061.22(460.27 M.)(091)
245 00 - MENCIÓN DEL TÍTULO
Título Cuarenta años de la Sociedad Española de Bioquímica y Biología Molecular (1963-2003) /
Mención de responsabilidad, etc. director, Emilio Muñoz ; editores, María Jesús Santesmases, Ana Romero y Jesús Ávila.
246 3# - FORMA VARIANTE DEL TITULO
Título propio/Titulo breve 40 años de la Sociedad Española de Bioquímica y Biología Molecular
260 ## - PUBLICACIÓN, DISTRIBUCIÓN, ETC.
Lugar de publicación, distribución, etc. Madrid :
Nombre del editor, distribuidor, etc. Sociedad Estatal de Conmemoraciones Culturales,
Fecha de publicación, distribución, etc. 2004.
300 ## - DESCRIPCIÓN FÍSICA
Extensión 362 p. :
Otras características físicas il. ;
Dimensiones 24 cm.
610 24 - PUNTO DE ACCESO ADICIONAL DE MATERIA--NOMBRE DE ENTIDAD CORPORATIVA
Nombre de entidad corporativa o nombre de jurisdicción como elemento de entrada Sociedad Española de Bioquímica y Biología Molecular.
9 (RLIN) 170927
700 1# - ENTRADA AGREGADA--NOMBRE PERSONAL
Nombre de persona Muñoz, Emilio,
Fechas asociadas al nombre 1937-
9 (RLIN) 164911
700 1# - ENTRADA AGREGADA--NOMBRE PERSONAL
Nombre de persona Santesmases, María Jesús.
9 (RLIN) 103366
700 1# - ENTRADA AGREGADA--NOMBRE PERSONAL
Nombre de persona Romero de Pablos, Ana,
9 (RLIN) 99372
Fechas asociadas al nombre 1963-
700 1# - ENTRADA AGREGADA--NOMBRE PERSONAL
Nombre de persona Ávila de Grado, Jesús
9 (RLIN) 24045
710 2# - ENTRADA AGREGADA--NOMBRE DE ENTIDAD CORPORATIVA
Nombre de entidad corporativa o nombre de jurisdicción como elemento de entrada Sociedad Estatal de Conmemoraciones Culturales (España)
9 (RLIN) 134893
852 ## - LOCALIZACIÓN
Ubicación ES-MaACL
Número de control de estantería L-27681
itemnumber 69986
942 ## - ELEMENTOS DE ENTRADA SECUNDARIOS (KOHA)
Fuente del sistema de clasificación o colocación Clasificación decimal universal
Tipo de ítem Koha Libro impreso
Suprimir en OPAC No
Holdings
Estatus retirado Estado de pérdida Estado de daño No para préstamo Biblioteca de origen Biblioteca actual Ubicación en estantería Fecha de adquisición Fuente de adquisición Total de préstamos Signatura topográfica completa Código de barras Visto por última vez Precio de reemplazo Tipo de ítem Koha
        Biblioteca del Ateneo de Madrid Biblioteca del Ateneo de Madrid Depósito 2 17/01/2008     L-27681 1070651 23/02/2023 23/02/2023 Libro impreso